<?xml version="1.0" encoding="UTF-8"?>
<record
    xmlns:xsi="http://www.w3.org/2001/XMLSchema-instance"
    xsi:schemaLocation="http://www.loc.gov/MARC21/slim http://www.loc.gov/standards/marcxml/schema/MARC21slim.xsd"
    xmlns="http://www.loc.gov/MARC21/slim">

  <leader>00424pam a2200157a 44500</leader>
  <controlfield tag="008">230515b2013    xxu||||| |||| 00| 0 eng d</controlfield>
  <datafield tag="020" ind1=" " ind2=" ">
    <subfield code="a">978-93-5090-187-8</subfield>
  </datafield>
  <datafield tag="041" ind1=" " ind2=" ">
    <subfield code="a">ENGLISH</subfield>
  </datafield>
  <datafield tag="082" ind1=" " ind2=" ">
    <subfield code="a">6107342</subfield>
  </datafield>
  <datafield tag="100" ind1=" " ind2=" ">
    <subfield code="a">MAHAJAN , GUPTA,ROY,SAHA</subfield>
  </datafield>
  <datafield tag="245" ind1=" " ind2=" ">
    <subfield code="a">TEXTBOOK OF PREVENTIVE AND SOCIAL MEDICINE</subfield>
  </datafield>
  <datafield tag="250" ind1=" " ind2=" ">
    <subfield code="a">4</subfield>
  </datafield>
  <datafield tag="260" ind1=" " ind2=" ">
    <subfield code="a"></subfield>
    <subfield code="b">JAYPEE BROTHERS MEDICAL PUBLISHERS (P) LTD.</subfield>
    <subfield code="c">2013</subfield>
  </datafield>
  <datafield tag="300" ind1=" " ind2=" ">
    <subfield code="a">XVII,703</subfield>
  </datafield>
  <datafield tag="650" ind1=" " ind2=" ">
    <subfield code="a">NULL</subfield>
  </datafield>
  <datafield tag="999" ind1=" " ind2=" ">
    <subfield code="c">508866</subfield>
    <subfield code="d">508866</subfield>
  </datafield>
  <datafield tag="952" ind1=" " ind2=" ">
    <subfield code="0">0</subfield>
    <subfield code="1">0</subfield>
    <subfield code="4">0</subfield>
    <subfield code="7">0</subfield>
    <subfield code="a">NCS</subfield>
    <subfield code="b">NCS</subfield>
    <subfield code="c">M.SC.NURSING</subfield>
    <subfield code="d">2014-11-05</subfield>
    <subfield code="e">BHARATI CENTER CO-OP. BHANDAR.LTD. PUNE.</subfield>
    <subfield code="g">735.00</subfield>
    <subfield code="l">0</subfield>
    <subfield code="o">6107342</subfield>
    <subfield code="p">NCS-MSC-726</subfield>
    <subfield code="r">2023-06-28 00:00:00</subfield>
    <subfield code="w">2023-06-28</subfield>
    <subfield code="y">BK</subfield>
  </datafield>
</record>
